000 00504nam a2200193Ia 4500
003 LK-CoDNM
005 20240318114556.0
008 010623t1936 xxu||||| |||| 00| 1 sin d
040 _aLK-CoDNM
_dLK-CoDNM
_eLK-CoDNM
041 _asin
080 _a104 HH20
100 _aMendis,Valimuni Remis
245 _aවත්මන් හිරකරුවා
246 _aVathman Hirakaruvaa
260 _bV.E.Mendis
_aKaluthara
_c1936
300 _bDamaged
_a19p.,21 cm
650 _aPoetry
942 _cBK
999 _c98288
_d98288